Technický naučný slovník

Salvato in:
Dettagli Bibliografici
Natura: Libro
Lingua:ceco
Pubblicazione: Praha Stát. nakl. techn. lit. 1985
Edizione:2. rev. a dopln. vyd.
Tags: Aggiungi Tag
Nessun Tag, puoi essere il primo ad aggiungerne!!

MARC

LEADER 00000nam a2200000 4500
001 c022633
005 20221207072811.8
041 0 |a cze 
044 |a CZ 
245 1 0 |a Technický naučný slovník 
250 |a 2. rev. a dopln. vyd. 
264 1 |a Praha  |b Stát. nakl. techn. lit.  |c 1985 
300 |a 584 s.